000 00294nam a22001217a 4500
020 _a8170412064
082 _a330.37
100 _aEnaohwo,John O
245 _aEconomics of education and the planning challenge
260 _aNew Delhi
_bAnmol publishing
_c1990
300 _a282p
942 _cBK
999 _c3336
_d3336